Pokemon - 1ère génération - Statistiques

Statistiques générales
  • Ce quiz a été pris 163 fois
  • Le résultat moyen est 114 sur 151
Statistiques - réponses
Par images Réponse % Correct
Carapuce
98%
Salamèche
98%
Tortank
97%
Bulbizarre
96%
Dracaufeu
95%
Pikachu
95%
Florizarre
93%
Raichu
92%
Rattata
92%
Aspicot
91%
Chenipan
91%
Herbizarre
91%
Reptincel
91%
Rondoudou
89%
Aquali
88%
Carabaffe
88%
Draco
88%
Évoli
88%
Goupix
88%
Miaouss
88%
Roucool
88%
Mew
87%
Pyroli
87%
Racaillou
87%
Ronflex
87%
Sabelette
87%
Rattatac
86%
Magicarpe
85%
Onix
85%
Papilusion
85%
Roucoups
85%
Triopikeur
85%
Abo
84%
Léviator
84%
Tadmorv
84%
Machoc
83%
Nidoran
83%
Nidoran
83%
Taupiqueur
83%
Voltali
83%
Abra
82%
Arcanin
82%
Dardargnan
82%
Feunard
82%
Mélofée
82%
Stari
82%
Chrysacier
81%
Dracolosse
81%
Grotadmorv
81%
M. Mime
81%
Nidorino
81%
Roucarnage
81%
Smogo
81%
Alakazam
80%
Nidoking
80%
Canarticho
79%
Magnéti
79%
Mewtwo
79%
Nidoqueen
79%
Nidorina
79%
Piafabec
79%
Psykokwak
79%
Smogogo
79%
Staross
79%
Caninos
78%
Ectoplasma
78%
Férosinge
78%
Métamorph
78%
Mystherbe
78%
Ponyta
78%
Coconfort
77%
Doduo
77%
Lippoutou
77%
Grolem
76%
Machopeur
76%
Nosferapti
76%
Spectrum
76%
Tentacruel
76%
Lokhlass
75%
Ramoloss
75%
Voltorbe
75%
Boustiflor
74%
Électhor
74%
Fantominus
74%
Grodoudou
74%
Krabby
74%
Mackogneur
74%
Magnéton
74%
Minidraco
74%
Nœunœuf
74%
Persian
74%
Artikodin
73%
Galopa
73%
Insécateur
73%
Magmar
73%
Porygon
73%
Ptitard
73%
Sulfura
73%
Arbok
72%
Poissirène
72%
Sablaireau
72%
Tauros
72%
Tentacool
72%
Kadabra
71%
Nosferalto
71%
Ptéra
71%
Akwakwak
70%
Paras
70%
Chétiflor
69%
Colossinge
69%
Gravalanch
69%
Kangourex
69%
Krabboss
69%
Mélodelfe
69%
Ossatueur
69%
Tygnon
69%
Osselait
68%
Rafflésia
67%
Rapasdepic
66%
Dodrio
64%
Électrode
64%
Excelangue
64%
Kabuto
64%
Kicklee
64%
Rhinocorne
64%
Rhinoféros
64%
Scarabrute
64%
Leveinard
63%
Ortide
63%
Parasect
63%
Empiflor
62%
Flagadoss
62%
Soporifik
62%
Élektek
61%
Kabutops
61%
Mimitoss
61%
Hypocéan
60%
Lamantine
60%
Noadkoko
60%
Amonita
59%
Saquedeneu
59%
Tartard
59%
Têtarte
59%
Amonistar
58%
Poissoroy
58%
Hypnomade
57%
Hypotrempe
57%
Kokiyas
56%
Crustabri
55%
Otaria
55%
Aéromite
52%
Aucun quiz correspondant
Distribution des résultats
% des personnes avec chaque résultat
Percentile par nombre de réponses
Votre historique - résultats
Vous n’avez pas pris ce quiz